[Event "XLIV Memoriał Szachowy Ludwika Zamenhofa 2025, Grupa B"]
[Site "Bialystok, Poland"]
[Date "2025.12.30"]
[Round "8.19"]
[White "Widelski, Kacper"]
[Black "Krajdocha, Konrad"]
[Result "1/2-1/2"]
[TimeControl "90'+30\""]
[WhiteElo "1874"]
[BlackElo "1736"]

1. e4 {[%clk 01:25:41]} {[%emt 00:05:14]} c6 {[%clk 01:30:53]} {[%emt
00:00:12]} 2. d4 {[%clk 01:25:47]} {[%emt 00:00:23]} d5 {[%clk 01:31:19]}
{[%emt 00:00:04]} 3. exd5 {[%clk 01:25:58]} {[%emt 00:00:18]} cxd5 {[%clk
01:31:45]} {[%emt 00:00:04]} 4. Bd3 {[%clk 01:26:23]} {[%emt 00:00:06]} Nf6
{[%clk 01:31:50]} {[%emt 00:00:24]} 5. h3 {[%clk 01:26:47]} {[%emt 00:00:06]}
g6 {[%clk 01:31:53]} {[%emt 00:00:27]} 6. Nf3 {[%clk 01:27:05]} {[%emt
00:00:12]} Bf5 {[%clk 01:31:46]} {[%emt 00:00:38]} 7. Ne5 {[%clk 01:24:04]}
{[%emt 00:03:31]} Nbd7 {[%clk 01:27:52]} {[%emt 00:04:23]} 8. c3 {[%clk
01:20:01]} {[%emt 00:04:33]} Bxd3 {[%clk 01:27:52]} {[%emt 00:00:31]} 9. Nxd3
{[%clk 01:20:14]} {[%emt 00:00:17]} Bg7 {[%clk 01:28:07]} {[%emt 00:00:14]} 10.
O-O {[%clk 01:18:50]} {[%emt 00:01:54]} O-O {[%clk 01:28:03]} {[%emt 00:00:35]}
11. Qb3 {[%clk 01:12:57]} {[%emt 00:06:22]} Qb6 {[%clk 01:24:50]} {[%emt
00:03:43]} 12. Qxb6 {[%clk 01:09:31]} {[%emt 00:03:57]} Nxb6 {[%clk 01:23:37]}
{[%emt 00:01:43]} 13. Nc5 {[%clk 01:09:10]} {[%emt 00:00:50]} Nc4 {[%clk
01:23:05]} {[%emt 00:01:03]} 14. Re1 {[%clk 00:53:10]} {[%emt 00:16:30]} b6
{[%clk 01:21:57]} {[%emt 00:01:38]} 15. Nd3 {[%clk 00:52:57]} {[%emt 00:00:42]}
Rfe8 {[%clk 01:21:28]} {[%emt 00:00:59]} 1/2-1/2

[Event "XLIV Memoriał Szachowy Ludwika Zamenhofa 2025, Grupa B"]
[Site "Bialystok, Poland"]
[Date "2025.12.30"]
[Round "8.20"]
[White "Olejko, Wojciech"]
[Black "Maciejewski, Kamil"]
[Result "1/2-1/2"]
[TimeControl "90'+30\""]
[WhiteElo "1853"]
[BlackElo "2036"]

1. d4 {[%clk 01:30:59]} Nf6 {[%clk 01:28:31]} {[%emt 00:02:23]} 2. c4 {[%clk
01:31:13]} {[%emt 00:00:22]} e6 {[%clk 01:28:49]} {[%emt 00:00:12]} 3. Nf3
{[%clk 01:31:37]} {[%emt 00:00:06]} d5 {[%clk 01:28:59]} {[%emt 00:00:21]} 4.
g3 {[%clk 01:32:05]} {[%emt 00:00:02]} dxc4 {[%clk 01:28:04]} {[%emt 00:01:25]}
5. Bg2 {[%clk 01:32:28]} {[%emt 00:00:06]} Nc6 {[%clk 01:16:36]} {[%emt
00:11:58]} 6. Qa4 {[%clk 01:28:23]} {[%emt 00:04:33]} Bb4+ {[%clk 01:14:52]}
{[%emt 00:02:17]} 7. Bd2 {[%clk 01:28:47]} {[%emt 00:00:06]} Bxd2+ {[%clk
01:04:16]} {[%emt 00:11:07]} 8. Nbxd2 {[%clk 01:29:09]} {[%emt 00:00:05]} O-O
{[%clk 01:02:58]} {[%emt 00:01:49]} 9. Qxc4 {[%clk 01:25:42]} {[%emt 00:03:55]}
e5 {[%clk 00:46:10]} {[%emt 00:17:19]} 10. dxe5 {[%clk 01:23:28]} {[%emt
00:02:44]} Ng4 {[%clk 00:45:04]} {[%emt 00:01:37]} 11. Qc3 {[%clk 01:22:08]}
{[%emt 00:01:46]} Qe7 {[%clk 00:43:14]} {[%emt 00:02:24]} 12. Nc4 {[%clk
01:17:17]} {[%emt 00:05:20]} Qc5 {[%clk 00:39:32]} {[%emt 00:04:12]} 13. O-O
{[%clk 01:16:25]} {[%emt 00:01:22]} b5 {[%clk 00:36:53]} {[%emt 00:03:10]} 14.
Ncd2 {[%clk 01:13:02]} {[%emt 00:03:53]} Qxc3 {[%clk 00:36:48]} {[%emt
00:00:35]} 15. bxc3 {[%clk 01:13:28]} {[%emt 00:00:03]} Rb8 {[%clk 00:35:18]}
{[%emt 00:02:01]} 16. a4 {[%clk 01:12:21]} {[%emt 00:01:37]} bxa4 {[%clk
00:26:07]} {[%emt 00:09:43]} 17. Rxa4 {[%clk 01:12:04]} {[%emt 00:00:46]} Rb2
{[%clk 00:24:47]} {[%emt 00:01:50]} 18. Rc1 {[%clk 00:50:16]} {[%emt 00:22:17]}
Ngxe5 {[%clk 00:17:49]} {[%emt 00:07:28]} 19. Nxe5 {[%clk 00:50:25]} {[%emt
00:00:21]} Nxe5 {[%clk 00:18:12]} {[%emt 00:00:08]} 20. Nf3 {[%clk 00:50:50]}
{[%emt 00:00:04]} Rxe2 {[%clk 00:16:02]} {[%emt 00:02:40]} 21. Rxa7 {[%clk
00:50:14]} {[%emt 00:01:06]} Nd3 {[%clk 00:14:10]} {[%emt 00:02:21]} 22. Rf1
{[%clk 00:50:23]} {[%emt 00:00:20]} c5 {[%clk 00:13:45]} {[%emt 00:00:57]} 23.
Ng5 {[%clk 00:46:16]} {[%emt 00:04:37]} h6 {[%clk 00:12:13]} {[%emt 00:02:03]}
24. Ne4 {[%clk 00:44:50]} {[%emt 00:01:55]} Be6 {[%clk 00:12:02]} {[%emt
00:00:42]} 25. Rfa1 {[%clk 00:37:40]} {[%emt 00:07:39]} c4 {[%clk 00:10:36]}
{[%emt 00:01:55]} 26. R7a2 {[%clk 00:36:58]} {[%emt 00:01:11]} Rxa2 {[%clk
00:09:51]} {[%emt 00:01:16]} 27. Rxa2 {[%clk 00:37:26]} {[%emt 00:00:02]} Rb8
{[%clk 00:07:40]} {[%emt 00:02:42]} 28. Nd2 {[%clk 00:36:13]} {[%emt 00:01:40]}
Nc1 {[%clk 00:07:10]} {[%emt 00:01:03]} 29. Rc2 {[%clk 00:36:06]} {[%emt
00:00:35]} Nb3 {[%clk 00:06:14]} {[%emt 00:01:28]} 30. Nf1 {[%clk 00:31:51]}
{[%emt 00:04:43]} Rd8 {[%clk 00:04:25]} {[%emt 00:02:21]} 31. Ne3 {[%clk
00:31:59]} {[%emt 00:00:19]} f5 {[%clk 00:03:03]} {[%emt 00:01:54]} 32. Bf1
{[%clk 00:31:25]} {[%emt 00:01:02]} Nd2 {[%clk 00:02:55]} {[%emt 00:00:39]} 33.
Be2 {[%clk 00:31:35]} {[%emt 00:00:18]} g5 {[%clk 00:02:37]} {[%emt 00:00:49]}
34. f3 {[%clk 00:31:06]} {[%emt 00:00:59]} Kg7 {[%clk 00:00:56]} {[%emt
00:02:12]} 35. Kf2 {[%clk 00:30:00]} {[%emt 00:01:35]} g4 {[%clk 00:01:03]}
{[%emt 00:00:24]} 36. fxg4 {[%clk 00:28:41]} {[%emt 00:01:49]} fxg4 {[%clk
00:01:23]} {[%emt 00:00:10]} 37. Nxg4 {[%clk 00:28:38]} {[%emt 00:00:33]} Bf5
{[%clk 00:00:36]} {[%emt 00:01:18]} 38. Rc1 {[%clk 00:28:00]} {[%emt 00:01:06]}
Nb3 {[%clk 00:00:31]} {[%emt 00:00:36]} 39. Rd1 {[%clk 00:27:59]} {[%emt
00:00:30]} Bd3 {[%clk 00:00:36]} {[%emt 00:00:27]} 40. Bxd3 {[%clk 00:26:32]}
{[%emt 00:01:56]} cxd3 {[%clk 00:00:59]} {[%emt 00:00:07]} 41. Ne5 {[%clk
00:25:51]} {[%emt 00:01:11]} d2 {[%clk 00:00:47]} {[%emt 00:00:43]} 42. Nf3
{[%clk 00:26:08]} {[%emt 00:00:12]} Rd3 {[%clk 00:00:42]} {[%emt 00:00:36]} 43.
c4 {[%clk 00:25:47]} {[%emt 00:00:51]} Rc3 {[%clk 00:00:36]} {[%emt 00:00:36]}
44. Nxd2 {[%clk 00:26:04]} {[%emt 00:00:13]} Nxd2 {[%clk 00:00:47]} {[%emt
00:00:19]} 45. Rxd2 {[%clk 00:26:32]} Rxc4 {[%clk 00:01:12]} {[%emt 00:00:06]}
46. Rd6 {[%clk 00:26:52]} {[%emt 00:00:10]} Rc2+ {[%clk 00:01:27]} {[%emt
00:00:15]} 47. Kg1 {[%clk 00:26:22]} {[%emt 00:00:59]} Ra2 {[%clk 00:01:47]}
{[%emt 00:00:10]} 48. Rd4 {[%clk 00:26:45]} {[%emt 00:00:07]} Kg6 {[%clk
00:01:41]} {[%emt 00:00:36]} 49. Rf4 {[%clk 00:27:08]} {[%emt 00:00:07]} Kg5
{[%clk 00:01:25]} {[%emt 00:00:46]} 50. Rf2 {[%clk 00:27:27]} {[%emt 00:00:09]}
Ra1+ {[%clk 00:00:33]} {[%emt 00:01:24]} 51. Kg2 {[%clk 00:27:55]} {[%emt
00:00:02]} Ra3 {[%clk 00:00:50]} {[%emt 00:00:13]} 52. Kh3 {[%clk 00:28:14]}
{[%emt 00:00:10]} Ra4 {[%clk 00:00:51]} {[%emt 00:00:30]} 53. Rb2 {[%clk
00:27:58]} {[%emt 00:00:45]} Kg6 {[%clk 00:00:58]} {[%emt 00:00:23]} 54. Rb6+
{[%clk 00:27:55]} {[%emt 00:00:34]} Kg7 {[%clk 00:01:21]} {[%emt 00:00:06]} 55.
Rb5 {[%clk 00:28:17]} {[%emt 00:00:07]} Ra2 {[%clk 00:01:29]} {[%emt 00:00:23]}
56. g4 {[%clk 00:27:26]} {[%emt 00:01:19]} Rc2 {[%clk 00:01:04]} {[%emt
00:00:57]} 57. Kg3 {[%clk 00:27:48]} {[%emt 00:00:08]} Ra2 {[%clk 00:01:18]}
{[%emt 00:00:16]} 58. h3 {[%clk 00:28:08]} {[%emt 00:00:09]} Ra3+ {[%clk
00:01:18]} {[%emt 00:00:30]} 59. Kh4 {[%clk 00:28:18]} {[%emt 00:00:19]} Kg6
{[%clk 00:01:34]} {[%emt 00:00:15]} 60. Rb6+ {[%clk 00:28:19]} {[%emt
00:00:29]} Kg7 {[%clk 00:01:59]} {[%emt 00:00:05]} 61. Rb2 {[%clk 00:28:21]}
{[%emt 00:00:27]} Kg6 {[%clk 00:02:18]} {[%emt 00:00:11]} 62. Rg2 {[%clk
00:28:36]} {[%emt 00:00:14]} Rb3 {[%clk 00:02:34]} {[%emt 00:00:17]} 63. Rg3
{[%clk 00:28:39]} {[%emt 00:00:25]} Rxg3 {[%clk 00:02:29]} {[%emt 00:00:36]} 64.
Kxg3 {[%clk 00:29:07]} {[%emt 00:00:02]} h5 {[%clk 00:02:52]} {[%emt 00:00:07]}
65. Kf4 {[%clk 00:29:24]} {[%emt 00:00:13]} hxg4 {[%clk 00:03:12]} {[%emt
00:00:10]} 66. hxg4 {[%clk 00:29:49]} {[%emt 00:00:05]} Kf6 {[%clk 00:03:38]}
{[%emt 00:00:04]} 67. g5+ {[%clk 00:30:17]} {[%emt 00:00:03]} Kg6 {[%clk
00:04:04]} {[%emt 00:00:05]} 68. Kg4 {[%clk 00:30:43]} {[%emt 00:00:03]} Kg7
{[%clk 00:04:29]} {[%emt 00:00:04]} 69. Kh5 {[%clk 00:31:08]} {[%emt 00:00:05]}
Kh7 {[%clk 00:04:55]} {[%emt 00:00:05]} 70. g6+ {[%clk 00:31:34]} {[%emt
00:00:05]} Kg7 {[%clk 00:05:20]} {[%emt 00:00:04]} 71. Kg5 {[%clk 00:31:54]}
{[%emt 00:00:09]} Kg8 {[%clk 00:05:46]} {[%emt 00:00:04]} 72. Kh6 {[%clk
00:32:20]} {[%emt 00:00:02]} Kh8 {[%clk 00:06:12]} {[%emt 00:00:06]} 73. g7+
{[%clk 00:32:46]} {[%emt 00:00:04]} Kg8 {[%clk 00:06:38]} {[%emt 00:00:04]} 74.
Kg6 {[%clk 00:33:13]} {[%emt 00:00:04]} 1/2-1/2

[Event "XLIV Memoriał Szachowy Ludwika Zamenhofa 2025, Grupa B"]
[Site "Bialystok, Poland"]
[Date "2025.12.30"]
[Round "8.21"]
[White "Filimoniuk, Marcin"]
[Black "Ocytko, Andrzej"]
[Result "1/2-1/2"]
[TimeControl "90'+30\""]
[WhiteElo "1854"]
[BlackElo "1995"]

1. d4 {[%clk 01:30:56]} {[%emt 00:00:03]} Nf6 {[%clk 01:30:21]} {[%emt
00:00:39]} 2. Nf3 {[%clk 01:30:48]} {[%emt 00:00:39]} d5 {[%clk 01:30:10]}
{[%emt 00:00:41]} 3. Bf4 {[%clk 01:30:17]} {[%emt 00:01:01]} c5 {[%clk
01:30:13]} {[%emt 00:00:28]} 4. c3 {[%clk 01:30:33]} {[%emt 00:00:14]} cxd4
{[%clk 01:22:08]} {[%emt 00:08:34]} 5. Nxd4 {[%clk 01:28:01]} {[%emt 00:03:03]}
Nc6 {[%clk 01:20:34]} {[%emt 00:02:04]} 6. e3 {[%clk 01:27:20]} {[%emt
00:01:10]} g6 {[%clk 01:16:40]} {[%emt 00:04:24]} 7. Be2 {[%clk 01:26:25]}
{[%emt 00:01:24]} Bg7 {[%clk 01:17:04]} {[%emt 00:00:07]} 8. O-O {[%clk
01:26:09]} {[%emt 00:00:46]} O-O {[%clk 01:16:47]} {[%emt 00:00:48]} 9. h3
{[%clk 01:25:33]} {[%emt 00:01:05]} Ne4 {[%clk 01:14:01]} {[%emt 00:03:17]} 10.
Bh2 {[%clk 01:18:02]} {[%emt 00:08:00]} e5 {[%clk 01:13:04]} {[%emt 00:01:27]}
11. Nxc6 {[%clk 01:15:03]} {[%emt 00:03:29]} bxc6 {[%clk 01:13:27]} {[%emt
00:00:07]} 12. Nd2 {[%clk 01:12:58]} {[%emt 00:02:35]} Nxd2 {[%clk 01:10:50]}
{[%emt 00:03:07]} 13. Qxd2 {[%clk 01:13:16]} {[%emt 00:00:12]} Be6 {[%clk
01:11:02]} {[%emt 00:00:16]} 14. Rfd1 {[%clk 01:11:15]} {[%emt 00:02:32]} Qb6
{[%clk 01:11:17]} {[%emt 00:00:16]} 15. Rac1 {[%clk 01:10:22]} {[%emt
00:01:23]} Rad8 {[%clk 00:57:05]} {[%emt 00:14:42]} 16. Qc2 {[%clk 01:09:00]}
{[%emt 00:01:52]} Rb8 {[%clk 00:50:49]} {[%emt 00:06:46]} 17. b3 {[%clk
01:06:35]} {[%emt 00:02:55]} Rbc8 {[%clk 00:42:15]} {[%emt 00:09:03]} 18. Kf1
{[%clk 01:03:56]} {[%emt 00:03:09]} Rfd8 {[%clk 00:41:22]} {[%emt 00:01:23]} 19.
Bg1 {[%clk 01:00:24]} {[%emt 00:04:02]} Bf5 {[%clk 00:36:55]} {[%emt 00:04:58]}
20. Bd3 {[%clk 00:57:04]} {[%emt 00:03:51]} e4 {[%clk 00:37:20]} {[%emt
00:00:05]} 21. Be2 {[%clk 00:56:57]} {[%emt 00:00:37]} c5 {[%clk 00:37:44]}
{[%emt 00:00:06]} 22. Bg4 {[%clk 00:55:21]} {[%emt 00:02:05]} Bxg4 {[%clk
00:36:00]} {[%emt 00:02:14]} 23. hxg4 {[%clk 00:55:28]} {[%emt 00:00:23]} Qe6
{[%clk 00:36:23]} {[%emt 00:00:07]} 24. Qe2 {[%clk 00:54:42]} {[%emt 00:01:16]}
Rd7 {[%clk 00:31:12]} {[%emt 00:05:42]} 25. Bh2 {[%clk 00:53:20]} {[%emt
00:01:52]} f5 {[%clk 00:30:46]} {[%emt 00:00:55]} 26. gxf5 {[%clk 00:47:55]}
{[%emt 00:05:55]} Qxf5 {[%clk 00:31:04]} {[%emt 00:00:12]} 27. Kg1 {[%clk
00:43:32]} {[%emt 00:04:53]} h5 {[%clk 00:31:19]} {[%emt 00:00:16]} 28. f3
{[%clk 00:38:45]} {[%emt 00:05:16]} exf3 {[%clk 00:27:25]} {[%emt 00:04:24]} 29.
Qxf3 {[%clk 00:37:17]} {[%emt 00:01:58]} Qe6 {[%clk 00:27:44]} {[%emt
00:00:12]} 30. Qh3 {[%clk 00:31:15]} {[%emt 00:06:31]} Qxh3 {[%clk 00:19:33]}
{[%emt 00:08:40]} 31. gxh3 {[%clk 00:31:09]} {[%emt 00:00:36]} Re8 {[%clk
00:19:55]} {[%emt 00:00:09]} 32. Rd3 {[%clk 00:29:30]} {[%emt 00:02:08]} Bh6
{[%clk 00:15:48]} {[%emt 00:04:37]} 33. Re1 {[%clk 00:22:16]} {[%emt 00:07:44]}
Re4 {[%clk 00:09:48]} {[%emt 00:06:30]} 34. Bg3 {[%clk 00:21:03]} {[%emt
00:01:43]} Kf7 {[%clk 00:08:46]} {[%emt 00:01:32]} 35. c4 {[%clk 00:19:46]}
{[%emt 00:01:48]} Ke6 {[%clk 00:07:47]} {[%emt 00:01:28]} 36. cxd5+ {[%clk
00:17:41]} {[%emt 00:02:35]} Rxd5 {[%clk 00:08:10]} {[%emt 00:00:07]} 37. Rxd5
{[%emt 00:01:42]} Kxd5 38. Rd1+ Ke6 {[%emt 00:00:11]} 1/2-1/2

[Event "XLIV Memoriał Szachowy Ludwika Zamenhofa 2025, Grupa B"]
[Site "Bialystok, Poland"]
[Date "2025.12.30"]
[Round "8.22"]
[White "Ryszkiewicz, Adam"]
[Black "Pojawa, Jakub"]
[Result "1/2-1/2"]
[TimeControl "90'+30\""]
[WhiteElo "1985"]
[BlackElo "1858"]

1. e4 {[%clk 01:30:23]} {[%emt 00:00:36]} e6 {[%clk 01:30:42]} {[%emt
00:00:18]} 2. d4 {[%clk 01:30:41]} {[%emt 00:00:12]} d5 {[%clk 01:31:08]}
{[%emt 00:00:04]} 3. Nd2 {[%clk 01:31:07]} {[%emt 00:00:04]} c5 {[%clk
01:31:36]} {[%emt 00:00:03]} 4. Ngf3 {[%clk 01:31:33]} {[%emt 00:00:04]} cxd4
{[%clk 01:30:42]} {[%emt 00:01:24]} 5. Nxd4 {[%clk 01:31:58]} {[%emt 00:00:05]}
Nc6 {[%clk 01:31:05]} {[%emt 00:00:07]} 6. Bb5 {[%clk 01:30:11]} {[%emt
00:02:17]} Bd7 {[%clk 01:30:18]} {[%emt 00:01:16]} 7. c3 {[%clk 01:27:39]}
{[%emt 00:03:02]} Nxd4 {[%clk 01:28:37]} {[%emt 00:02:12]} 8. Bxd7+ {[%clk
01:28:04]} {[%emt 00:00:04]} Qxd7 {[%clk 01:29:03]} {[%emt 00:00:05]} 9. cxd4
{[%clk 01:28:27]} {[%emt 00:00:06]} dxe4 {[%clk 01:28:42]} {[%emt 00:00:52]} 10.
Nxe4 {[%clk 01:28:38]} {[%emt 00:00:19]} Bb4+ {[%clk 01:28:46]} {[%emt
00:00:26]} 11. Bd2 {[%clk 01:28:51]} {[%emt 00:00:18]} Bxd2+ {[%clk 01:29:01]}
{[%emt 00:00:15]} 12. Qxd2 {[%clk 01:29:15]} {[%emt 00:00:06]} Rd8 {[%clk
01:28:49]} {[%emt 00:00:42]} 1/2-1/2

[Event "XLIV Memoriał Szachowy Ludwika Zamenhofa 2025, Grupa B"]
[Site "Bialystok, Poland"]
[Date "2025.12.30"]
[Round "8.23"]
[White "Surkont, Jan"]
[Black "Fuks, Milan"]
[Result "1/2-1/2"]
[TimeControl "90'+30\""]
[WhiteElo "1787"]
[BlackElo "1917"]

1. d4 {[%clk 01:30:47]} {[%emt 00:00:12]} d5 {[%clk 01:30:35]} {[%emt
00:00:18]} 2. c4 {[%clk 01:31:12]} {[%emt 00:00:12]} dxc4 {[%clk 01:30:26]}
{[%emt 00:00:38]} 3. e3 {[%clk 01:31:18]} {[%emt 00:00:25]} Nf6 {[%clk
01:30:49]} {[%emt 00:00:06]} 4. Bxc4 {[%clk 01:31:41]} {[%emt 00:00:08]} e6
{[%clk 01:31:12]} {[%emt 00:00:07]} 5. Nf3 {[%clk 01:32:04]} {[%emt 00:00:07]}
c5 {[%clk 01:31:20]} {[%emt 00:00:22]} 6. O-O {[%clk 01:32:19]} {[%emt
00:00:15]} a6 {[%clk 01:31:26]} {[%emt 00:00:24]} 7. Be2 {[%clk 01:30:55]}
{[%emt 00:01:54]} Nc6 {[%clk 01:29:57]} {[%emt 00:01:59]} 8. dxc5 {[%clk
01:29:08]} {[%emt 00:02:18]} Bxc5 {[%clk 01:29:13]} {[%emt 00:01:13]} 9. Qxd8+
{[%clk 01:29:10]} {[%emt 00:00:28]} Kxd8 {[%clk 01:29:30]} {[%emt 00:00:13]} 10.
Rd1+ {[%clk 01:28:16]} {[%emt 00:01:25]} Ke7 {[%clk 01:29:53]} {[%emt
00:00:06]} 11. a3 {[%clk 01:28:42]} {[%emt 00:00:04]} b5 {[%clk 01:28:19]}
{[%emt 00:02:02]} 12. b4 {[%clk 01:28:19]} {[%emt 00:00:53]} Bd6 {[%clk
01:25:54]} {[%emt 00:02:56]} 13. Bb2 {[%clk 01:26:47]} {[%emt 00:01:58]} Bb7
{[%clk 01:24:49]} {[%emt 00:01:38]} 14. Nbd2 {[%clk 01:25:58]} {[%emt
00:01:19]} Rhd8 {[%clk 01:21:36]} {[%emt 00:03:44]} 15. Nb3 {[%clk 01:25:13]}
{[%emt 00:01:15]} Rac8 {[%clk 01:19:36]} {[%emt 00:02:30]} 16. Rac1 {[%clk
01:23:51]} {[%emt 00:01:51]} Rc7 {[%clk 01:07:54]} {[%emt 00:12:12]} 17. Nc5
{[%clk 01:10:23]} {[%emt 00:13:57]} Bxc5 {[%clk 01:07:01]} {[%emt 00:01:23]} 18.
Rxc5 {[%clk 01:10:25]} {[%emt 00:00:29]} Rxd1+ {[%clk 01:03:54]} {[%emt
00:03:37]} 19. Bxd1 {[%clk 01:10:42]} {[%emt 00:00:13]} Rd7 {[%emt 00:05:24]}
20. Be2 {[%clk 01:00:02]} {[%emt 00:11:08]} g6 {[%clk 00:46:03]} {[%emt
00:13:28]} 21. Rc2 {[%clk 00:47:50]} {[%emt 00:12:42]} Ne4 {[%clk 00:39:38]}
{[%emt 00:06:56]} 22. Kf1 {[%clk 00:40:25]} {[%emt 00:07:55]} f6 {[%clk
00:37:23]} {[%emt 00:02:44]} 23. Ke1 {[%clk 00:38:20]} {[%emt 00:02:35]} e5
{[%clk 00:37:05]} {[%emt 00:00:48]} 24. Nd2 {[%clk 00:38:14]} {[%emt 00:00:36]}
Rxd2 {[%clk 00:33:59]} {[%emt 00:03:37]} 25. Rxd2 {[%emt 00:00:18]} Nxd2 {[%clk
00:34:21]} {[%emt 00:00:01]} 26. Kxd2 {[%clk 00:39:00]} {[%emt 00:00:02]} Nb8
{[%clk 00:33:45]} {[%emt 00:01:06]} 27. f3 {[%clk 00:38:06]} {[%emt 00:01:24]}
Nd7 {[%clk 00:34:05]} {[%emt 00:00:09]} 28. e4 {[%clk 00:28:45]} {[%emt
00:09:52]} Nb6 {[%clk 00:32:22]} {[%emt 00:02:13]} 29. Bd3 {[%clk 00:28:10]}
{[%emt 00:01:05]} Bc8 {[%clk 00:32:09]} {[%emt 00:00:43]} 30. Ke3 {[%clk
00:26:18]} {[%emt 00:02:21]} Be6 {[%clk 00:30:18]} {[%emt 00:02:17]} 31. g3
{[%clk 00:26:26]} {[%emt 00:00:27]} Bc4 {[%clk 00:29:08]} {[%emt 00:01:40]} 32.
Bc2 {[%clk 00:25:39]} {[%emt 00:01:17]} Nd7 {[%clk 00:26:47]} {[%emt 00:02:52]}
33. Bc3 {[%clk 00:23:03]} {[%emt 00:03:07]} Ke6 {[%clk 00:27:06]} {[%emt
00:00:11]} 34. Bb2 {[%clk 00:22:33]} {[%emt 00:01:00]} Nb6 {[%clk 00:22:11]}
{[%emt 00:05:24]} 35. Bc3 {[%clk 00:22:20]} {[%emt 00:00:43]} Kd6 {[%clk
00:22:17]} {[%emt 00:00:24]} 36. Ba1 {[%clk 00:21:26]} {[%emt 00:01:18]} Be6
{[%clk 00:22:24]} {[%emt 00:00:28]} 37. Bd3 {[%clk 00:21:52]} {[%emt 00:00:05]}
Bd7 {[%clk 00:22:40]} {[%emt 00:00:14]} 38. Bc3 {[%clk 00:21:45]} {[%emt
00:00:38]} Bc6 {[%clk 00:22:09]} {[%emt 00:01:00]} 39. Ba1 {[%clk 00:21:34]}
{[%emt 00:00:41]} Ke6 {[%clk 00:21:47]} {[%emt 00:00:52]} 40. Bc3 {[%clk
00:21:55]} {[%emt 00:00:10]} h5 {[%clk 00:18:57]} {[%emt 00:03:19]} 41. Ba1
{[%clk 00:20:02]} {[%emt 00:02:24]} f5 {[%clk 00:16:52]} {[%emt 00:02:36]} 42.
h4 {[%clk 00:19:06]} {[%emt 00:01:25]} Nd7 {[%clk 00:15:28]} {[%emt 00:01:54]}
43. Bc3 {[%clk 00:17:03]} {[%emt 00:02:33]} Nf6 {[%clk 00:15:28]} {[%emt
00:00:30]} 44. Ba1 {[%clk 00:14:50]} {[%emt 00:02:43]} Ne8 {[%clk 00:10:48]}
{[%emt 00:05:10]} 45. Bc2 {[%clk 00:13:24]} {[%emt 00:01:57]} fxe4 {[%clk
00:10:24]} {[%emt 00:00:54]} 46. fxe4 {[%clk 00:13:40]} {[%emt 00:00:14]} Nd6
{[%clk 00:10:15]} {[%emt 00:00:38]} 47. Bd3 {[%clk 00:13:52]} {[%emt 00:00:18]}
Kf6 {[%clk 00:10:25]} {[%emt 00:00:20]} 48. Bc3 {[%clk 00:13:37]} {[%emt
00:00:45]} Bd7 {[%clk 00:10:45]} {[%emt 00:00:09]} 49. Bb2 {[%clk 00:12:13]}
{[%emt 00:01:55]} Be6 {[%clk 00:10:59]} {[%emt 00:00:16]} 50. Bc3 {[%clk
00:12:03]} {[%emt 00:00:40]} Bc4 {[%clk 00:10:33]} {[%emt 00:00:56]} 51. Bc2
{[%clk 00:12:29]} {[%emt 00:00:04]} Bf1 {[%clk 00:09:23]} {[%emt 00:01:40]} 52.
Kf2 {[%clk 00:11:58]} {[%emt 00:01:01]} Bh3 {[%clk 00:09:00]} {[%emt 00:00:51]}
53. Bd3 {[%clk 00:12:19]} {[%emt 00:00:11]} Bg4 {[%clk 00:08:57]} {[%emt
00:00:33]} 54. Bd2 {[%clk 00:12:03]} {[%emt 00:00:45]} Bd1 {[%clk 00:07:53]}
{[%emt 00:01:35]} 55. Be3 {[%clk 00:10:45]} {[%emt 00:01:47]} Bb3 {[%clk
00:07:07]} {[%emt 00:01:16]} 56. Bc5 {[%clk 00:10:42]} {[%emt 00:00:34]} Nf7
{[%clk 00:06:00]} {[%emt 00:01:35]} 57. Be3 {[%clk 00:08:46]} {[%emt 00:02:26]}
Ke6 {[%emt 00:00:29]} 58. Bc5 {[%clk 00:08:14]} {[%emt 00:01:01]} Nd8 {[%clk
00:05:47]} {[%emt 00:00:45]} 59. Be3 {[%clk 00:08:01]} {[%emt 00:00:45]} Nb7
{[%clk 00:06:09]} {[%emt 00:00:08]} 60. Bb6 {[%clk 00:07:25]} {[%emt 00:01:06]}
Nd6 {[%clk 00:06:05]} {[%emt 00:00:34]} 61. Bc5 {[%clk 00:07:29]} {[%emt
00:00:27]} Nc4 {[%clk 00:04:54]} {[%emt 00:01:41]} 62. Bxc4+ {[%clk 00:07:52]}
{[%emt 00:00:07]} bxc4 {[%clk 00:05:02]} {[%emt 00:00:22]} 63. Ke3 {[%clk
00:04:13]} {[%emt 00:04:10]} Bc2 {[%clk 00:04:17]} {[%emt 00:01:15]} 64. Bf8
{[%clk 00:03:23]} {[%emt 00:01:20]} c3 {[%clk 00:03:30]} {[%emt 00:01:18]} 65.
b5 {[%clk 00:02:23]} {[%emt 00:01:29]} axb5 {[%clk 00:03:23]} {[%emt 00:00:37]}
66. Bb4 {[%clk 00:02:48]} {[%emt 00:00:06]} 1/2-1/2